| 000 | 01000nam a2200277 a 4500 | ||
|---|---|---|---|
| 999 |
_c1907 _d1907 |
||
| 001 | 1907 | ||
| 003 | BD-JhCC | ||
| 005 | 20220802134021.0 | ||
| 008 | 980312s1998 nyua a 000 0 eng | ||
| 020 | _a0399144463 | ||
| 035 | _a(BD-JhCC)1907 | ||
| 040 |
_aDLC _cDLC _dDLC |
||
| 041 | _aeng | ||
| 050 | 0 | 0 |
_aBF637.C4 _bJ64 1998 |
| 082 | 0 | 0 |
_a155.2/4 _221 _bJOH 1998 |
| 100 | 1 | _aJohnson, Spencer. | |
| 245 | 1 | 0 |
_aWho moved my cheese? : _ban amazing way to deal with change in your work and in your life / _cSpencer Johnson. |
| 260 |
_aNew York : _bPutnam, _cc1998. |
||
| 300 |
_a94 p. : _bill. ; _c22 cm. |
||
| 650 | 0 | _aChange (Psychology) | |
| 856 | 4 | 2 |
_3Contributor biographical information _uhttp://www.loc.gov/catdir/enhancements/fy1207/98015502-b.html |
| 856 | 4 | 2 |
_3Publisher description _uhttp://www.loc.gov/catdir/enhancements/fy1207/98015502-d.html |
| 856 | 4 | 1 |
_3Table of contents only _uhttp://www.loc.gov/catdir/enhancements/fy1207/98015502-t.html |
| 942 |
_2ddc _cBK _011 |
||